[Event "It (open) (active)"]
[Site "masterchessopen.com Warsaw (Poland)"]
[Round "4"]
[White "Jaracz Pawel (POL)"]
[Black "Ivanchuk Vassily (UKR)"]
[Result "0-1"]
[WhiteElo "2546"]
[BlackElo "2699"]

1.e4 c5 2.Nf3 d6 3.d4 cxd4 4.Nxd4 Nf6 5.Nc3 Nc6 6.Bg5 e6 7.Qd2 a6 8.O-O-O Bd7
9.f4 b5 10.Bxf6 gxf6 11.Nxc6 Bxc6 12.Qe3 Qe7 13.Bd3 Qa7 14.Qe2 Be7 15.Rhf1 h5
16.Rf3 Qc5 17.Rh3 Kd7 18.f5 h4 19.fxe6+ fxe6 20.Qe1 Rag8 21.Bf1 b4 22.Nb1 a5
23.Nd2 a4 24.Nc4 Kc7 25.a3 Rb8 26.axb4 Qxb4 27.Rc3 Rh5 28.Rd4 a3 29.Qe3 a2
30.Ra3 Ra8 {#R} 0-1

[Event "It"]
[Site "masterchessopen.com Balatonlelle (Hungary)"]
[Date "2002.06.23"]
[Round "4"]
[White "Varga Zoltan (HUN)"]
[Black "Greenfeld Alon (ISR)"]
[Result "1-0"]
[WhiteElo "2533"]
[BlackElo "2549"]

1.e4 c5 2.Nf3 Nc6 3.d4 cxd4 4.Nxd4 Nf6 5.Nc3 d6 6.Bg5 e6 7.Qd2 a6 8.O-O-O Bd7
9.f3 Be7 10.Kb1 Rc8 11.Nxc6 Bxc6 12.Bd3 h6 13.Be3 d5 14.Qf2 Qc7 15.Bb6 Qb8
16.exd5 Nxd5 17.Nxd5 Bxd5 18.Bd4 O-O 19.f4 Rfd8 20.Rhe1 b6 21.Bxb6 Bf6 22.c4
Bxc4 23.Bxd8 Bxd8 24.Bxc4 Rxc4 25.f5 Bf6 26.fxe6 fxe6 27.Rxe6 {#r} 1-0

[Event "Ch Hungary (team) 2002/03"]
[Site "masterchessopen.com Hungary"]
[Date "2002.10.13"]
[Round "2"]
[White "Sziraki Tamas (HUN)"]
[Black "Puschmann Laszlo (HUN)"]
[Result "1-0"]
[WhiteElo "2320"]
[BlackElo "2279"]

1.e4 c5 2.Nf3 Nc6 3.d4 cxd4 4.Nxd4 Nf6 5.Nc3 d6 6.Bg5 e6 7.Qd2 a6 8.O-O-O Bd7
9.f4 h6 10.Bh4 Be7 11.Nf3 Qc7 12.Kb1 O-O-O 13.Bd3 Kb8 14.Bf2 Qa5 15.Rhe1 Ne8
16.Qe3 Nc7 17.Nd2 Nb5 18.Nxb5 axb5 19.Qb6 Rc8 20.Bxb5 Bd8 21.Qxa5 Bxa5 22.c3
Bc7 23.Nc4 e5 24.f5 g6 25.Nxd6 {#r} 1-0

[Event "It"]
[Site "masterchessopen.com Alcudia (Spain)"]
[Round "1"]
[White "Garcia Martinez Silvino (CUB)"]
[Black "Vidarte Morales Arturo (ESP)"]
[Result "1-0"]
[WhiteElo "2374"]
[BlackElo "2375"]

1.e4 c5 2.Nf3 Nc6 3.d4 cxd4 4.Nxd4 Nf6 5.Nc3 d6 6.Bg5 e6 7.Qd2 a6 8.O-O-O Bd7
9.f4 h6 10.Bxf6 Qxf6 11.Nb3 Qd8 12.h4 Qc7 13.Kb1 O-O-O 14.Rh3 Be7 15.h5 Kb8
16.a3 Rc8 17.Rd3 Rhd8 18.Na2 Be8 19.g3 Qb6 20.Bg2 Rc7 21.Nc3 Qa7 22.Nd5 exd5
23.exd5 Ne5 24.fxe5 dxe5 25.d6 {#r} 1-0

[Event "Memorial David Garcia Ilundain (juniors)"]
[Site "masterchessopen.com Barcelona (Spain)"]
[Round "8"]
[White "Asis Gargatagli Hipolit (ESP)"]
[Black "Aloma Vidal Robert (ESP)"]
[Result "0-1"]
[WhiteElo "2340"]
[BlackElo "2297"]

1.e4 c5 2.Nf3 d6 3.d4 cxd4 4.Nxd4 Nf6 5.Nc3 Nc6 6.Bg5 e6 7.Qd2 a6 8.O-O-O Bd7
9.f4 b5 10.Nxc6 Bxc6 11.Qe1 Be7 12.e5 Nd5 13.Ne4 dxe5 14.Bxe7 Qxe7 15.fxe5 O-O
16.Bd3 Nf4 17.Qe3 Qh4 18.g3 Nxd3+ 19.cxd3 Qh5 20.Qf4 Rac8 21.Kb1 Bxe4 22.Qxe4
Rc5 23.d4 Rd5 24.Rd2 Rfd8 25.Qe3 Qg6+ 26.Ka1 a5 27.Rc1 h6 28.Rdd1 Qg4 29.Qc3
b4 30.Qc7 a4 31.Rf1 R5d7 {#R} 0-1

[Event "It (open)"]
[Site "masterchessopen.com Biel (Switzerland)"]
[Round "3"]
[White "Papa Severin (SUI)"]
[Black "Astengo Corrado (ITA)"]
[Result "1-0"]
[WhiteElo "2411"]
[BlackElo "2134"]

1.e4 c5 2.Nc3 Nc6 3.Nf3 d6 4.d4 cxd4 5.Nxd4 Nf6 6.Bg5 e6 7.Qd2 a6 8.O-O-O Bd7
9.f3 Qa5 10.h4 Be7 11.Kb1 Nxd4 12.Qxd4 Bc6 13.g4 Qc5 14.Qd2 Qa5 15.Be3 O-O-O
16.g5 Nd7 17.Nd5 {#r} 1-0

[Event "Ch Asia"]
[Site "masterchessopen.com Doha (Qatar)"]
[Round "5"]
[White "Kostenko Petr (KAZ)"]
[Black "Neelotpal Das (IND)"]
[Result "0-1"]
[WhiteElo "2500"]
[BlackElo "2458"]

1.e4 c5 2.Nf3 d6 3.d4 cxd4 4.Nxd4 Nf6 5.Nc3 Nc6 6.Bg5 e6 7.Qd2 a6 8.O-O-O Bd7
9.f4 b5 10.Bxf6 gxf6 11.Kb1 Qb6 12.Nxc6 Bxc6 13.Qe1 O-O-O 14.f5 b4 15.Ne2 e5
16.Qh4 Be7 17.Qh5 Rhf8 18.Ng3 d5 19.Qxh7 dxe4 20.Bc4 Rxd1+ 21.Rxd1 Rd8 22.Rc1
Bc5 23.Qxf7 Be3 24.Rh1 Bg1 25.Be2 Qf2 26.a4 Qe1+ 27.Ka2 Bd5+ 28.Qxd5 Rxd5
29.Bxa6+ Kb8 30.Ne2 b3+ 31.cxb3 Rd1 {#R} 0-1

[Event "It (open)"]
[Site "masterchessopen.com Hastings (England)"]
[Round "2"]
[White "Mutton Jonathan (ENG)"]
[Black "Wells Peter K (ENG)"]
[Result "0-1"]
[WhiteElo "2197"]
[BlackElo "2504"]

1.e4 c5 2.Nf3 Nc6 3.d4 cxd4 4.Nxd4 Nf6 5.Nc3 d6 6.Bg5 e6 7.Qd2 a6 8.O-O-O Bd7
9.f3 Be7 10.Kb1 Rc8 11.Nb3 b5 12.Bxf6 Bxf6 13.Qxd6 Bxc3 14.bxc3 Nb8 15.Nc5 Qc7
16.Nxd7 Nxd7 17.Qxc7 Rxc7 18.c4 bxc4 19.Rd6 Ke7 20.Rxa6 Rb8+ 21.Ka1 Ne5 22.Be2
Rd8 23.f4 Rd2 24.Re1 Ng6 25.f5 Nf4 26.Bf1 Rxc2 27.g3 Nd3 28.Bxd3 cxd3 29.Rb6
d2 30.Rd1 Rc1+ 31.Rb1 Rxd1 {#R} 0-1

[Event "Ch Asia (team)"]
[Site "masterchessopen.com Jodhpur (India)"]
[Round "5"]
[White "Sharma Dinesh K (IND)"]
[Black "Bakre Tejas (IND)"]
[Result "1-0"]
[WhiteElo "2386"]
[BlackElo "2491"]

{ Bakre Tejas (IND) +1 =3 -1 } 1.e4 { 1 } 1...c5 2.Nf3 d6 3.d4 cxd4 4.Nxd4 Nf6
5.Nc3 Nc6 6.Bg5 e6 7.Qd2 a6 8.O-O-O Bd7 9.f4 b5 10.Bxf6 gxf6 11.Kb1 Qb6
12.Nxc6 Bxc6 13.Qe1 Ra7 ( 13...Be7 14.Bd3 h5 ( 14...a5 15.f5 b4 16.Ne2 e5
17.Ng3 Qc5 18.Qe2 Rc8 19.b3 O-O 20.Bc4 Kh8 21.Rhe1 Rg8 22.Qh5 Be8 23.Qh6 Qb6
24.Nh5 Qd8 25.Rd2 Rg5 26.Red1 Bc6 27.Nxf6 Rg7 28.Nh5 Rg4 29.Nf6 Rg7 30.g4 Qb6
31.h3 Rd8 32.Nh5 Rgg8 33.Bxf7 { ...1-0, Adams Michael 2708 - Kozul Zdenko 2612
, Belgrade 1999 Cup European Club (final) } ) 15.Rd2 Qc5 16.f5 a5 17.fxe6 fxe6
18.Rf1 Rg8 19.g3 a4 20.Qf2 Rb8 { 1/2-1/2, Goloshchapov Alexander 2526 - Bakre
Tejas 2358 , Calcutta 2000 It (open) } ) 14.Bd3 ( 14.f5 Qc5 15.Bd3 Bh6 16.fxe6
fxe6 17.Nd5 Rf7 18.b4 Qa7 19.Qc3 O-O 20.Qxc6 exd5 21.Qxd6 Kh8 22.exd5 Rd7
23.Qc5 Qxc5 24.bxc5 Rxd5 25.c6 Rc5 26.Be4 Bf4 27.Rd7 Re8 28.Bf3 Rc4 29.Bd5 Rc5
30.Rf1 Be5 31.Re1 Rc8 32.Re4 Rxd5 33.Rxd5 Rxc6 { ...1-0, Zelcic Robert 2457 -
Kozul Zdenko 2611 , Bled 2000 It (open) } ) 14...h5 ( 14...Qc5 15.Qh4 Be7
16.Qh6 a5 17.Rhe1 a4 18.a3 b4 19.axb4 Qxb4 20.Na2 Qc5 21.f5 a3 22.b3 Qe5
23.Qc1 Kd7 24.Bc4 Rb8 25.Rd3 Bxe4 26.fxe6+ fxe6 27.Bxe6+ Qxe6 28.Qe3 Ra4
29.Kc1 f5 30.g4 Qg8 31.h4 Bxh4 32.Rxd6+ Kxd6 33.Qh6+ Kc7 34.Qxh4 { ...0-1,
Garcia Gildardo 2505 - Kozul Zdenko 2570 , Elista 1998 Olympiad } ) ( 14...b4
15.Ne2 a5 16.Qh4 { } ) 15.Qh4 ( 15.Ne2 { } ) 15...Be7 ( 15...Bg7 16.f5 e5
17.Be2 Ke7 18.Bxh5 Rc7 19.Qg4 Bb7 20.Qxg7 Rxh5 21.Qg3 b4 22.Nd5+ Bxd5 23.Rxd5
Qc6 24.Qd3 Qc4 25.h4 Qxd3 26.cxd3 Rh8 27.Rc1 Kd7 28.Ra5 Rxc1+ 29.Kxc1 Rxh4
30.Rxa6 Rh1+ 31.Kc2 Rh2 32.Kb3 Rxg2 33.Rb6 Rd2 34.Rxb4 Rxd3+ 35.Kc2 { ...1-0,
Efimenko Zahar 2523 - Kozul Zdenko 2569 , Panormo 2001 Cup European Club
(final) } ) ( 15...Rh6 16.f5 Qc5 17.Rhe1 e5 18.Be2 Rc7 19.Rd2 b4 20.Nd5 Bxd5
21.exd5 a5 22.Bf1 Rh7 23.Qe4 Bh6 24.Rd4 Rg7 25.Rc4 Qb6 26.Rxc7 Qxc7 27.Be2 Qc5
28.Bxh5 a4 29.Bf3 Ke7 30.Qd3 Rg8 31.Qa6 a3 32.Qb7+ Kf8 33.Bh5 Rg7 34.Rd1 axb2
35.g3 { ...0-1, Almasi Zoltan 2672 - Topalov Veselin 2745 , Monaco 2002 It
"Melody Amber" (active) } ) 16.f5 { ? } 16...Qc5 ( 16...b4 17.Ne2 e5 18.Ng3
Qc5 19.Nxh5 Kd8 20.g4 a5 21.Rhf1 Rd7 22.Qe1 Kc7 23.Qe2 d5 24.exd5 Rxd5 25.g5
fxg5 26.f6 Bd6 27.Ng3 Rd4 28.Nf5 Rf4 29.Rxf4 exf4 30.Be4 Bb5 31.Qg2 Rd8
32.Qxg5 Be2 33.Rd4 Qe5 34.Qg2 Ba6 35.Qd2 Qxf6 36.Rxd6 { ...1-0, Kotronias
Vasilios 2548 - Damljanovic Branko 2569 , Leon 2001 Ch Europe (team) } )
17.Ne2 { N } ( 17.Rhe1 a5 18.fxe6 fxe6 19.Qg3 b4 20.Ne2 Qe5 21.Nf4 Bf8 22.Qf2
Rg7 23.Bc4 Bd7 24.Bxe6 Bxe6 25.Rd5 Bxd5 26.exd5 Be7 27.Rxe5 fxe5 28.Ne6 Rf7
29.Qe2 Rf6 30.a3 bxa3 31.b3 Kf7 32.Ng5+ Kg7 33.Ne4 Rf4 34.g3 Rf7 35.Ka2 h4
36.Qg4+ Kf8 { ...1-0, Tseshkovsky Vitaly 2545 - Malakhov Vladimir 2668 ,
Ekaterinburg 2002 Ch Russia (club) } ) 17...e5 18.Ng3 a5 19.Nxh5 Kd8 { ?! } (
19...Kf8 { !? } 20.Qg4 Rg8 21.Qe2 Rc7 { } ) 20.g4 { ?! } ( 20.Be2 { !? }
20...a4 21.Rd3 a3 22.Qg4 { } ) 20...a4 21.Qe1 b4 22.Qg1 Qa5 23.Qe3 Kc8 { ?! }
( 23...b3 { !? } 24.Qe1 bxa2+ 25.Kxa2 Ke8 { } ) 24.Bc4 Rh7 { ? } ( { ? }
24...Qc5 25.Rhe1 Rh7 26.Bd5 Ra5 { } ) 25.Nxf6 { } {#r} 1-0

[Event "Ch Russia"]
[Site "masterchessopen.com Krasnoyarsk (Russia)"]
[Round "9"]
[White "Tseshkovsky Vitaly (RUS)"]
[Black "Lugovoi Aleksei (RUS)"]
[Result "1-0"]
[WhiteElo "2577"]
[BlackElo "2550"]

{ Tseshkovsky Vitaly (RUS) +10 =3 -3 Lugovoi Aleksei (RUS) +0 =2 -0 } 1.e4 c5
2.Nf3 d6 3.d4 cxd4 4.Nxd4 Nf6 5.Nc3 Nc6 6.Bg5 e6 7.Qd2 a6 8.O-O-O Bd7 9.f4 h6
10.Bh4 g5 11.fxg5 Ng4 12.Be2 ( 12.Kb1 Be7 13.Nf3 Nge5 14.Be2 hxg5 15.Bg3 b5
16.Rdf1 Rc8 17.Nd1 Nxf3 18.Rxf3 Ne5 19.Bxe5 { ...0-1, Ushenina Anna(2339) -
Andreev Eduard(2463), Kharkov 2002 It (open) "Kaissa" } ) 12...Nge5 13.Nf3 (
13.Nxc6 Bxc6 14.g3 Ng6 15.Rhf1 Be7 16.gxh6 Nxh4 17.gxh4 Bf8 18.Qd4 Rh7 19.Nd5
Bxh6+ 20.Kb1 Bg7 21.Nf6+ Bxf6 22.Rxf6 Qc7 23.e5 d5 24.h5 O-O-O 25.h6 Rdh8
26.Qf4 Bb5 27.Bh5 Be8 28.Be2 Bb5 29.Bg4 Be8 30.Rxd5 Qc6 31.Rd3 Qh1+ 32.Rd1 Qc6
{ ...1-0, Wahls Matthias 2550 - Anka Emil 2410 , Berlin 1995 It (open) "Berlin
Summer" } ) 13...Be7 { ?/= } 14.Rhf1 { N } ( 14.Rhg1 b5 15.Kb1 Rb8 ( 15...Ng6
16.Bg3 hxg5 17.Bxd6 g4 18.Ne1 Nce5 19.Bxe5 Nxe5 20.Qf4 Ng6 21.Qxg4 b4 22.Na4
Qc7 23.b3 Bxa4 24.bxa4 Bf6 25.Qg3 Nf4 26.Nd3 Rc8 { 0-1, Prathamesh S Mokal
2366 - Sasikiran Krishnan 2664 , Mumbai 2003 Ch India } ) 16.Rdf1 b4 17.Na4
Ng6 18.Bg3 hxg5 19.Bxd6 g4 20.Ne1 Bxd6 21.Qxd6 Nce5 22.Nc5 Bb5 23.Qxd8+ Kxd8
24.Ned3 Rxh2 25.Bxg4 Nxg4 26.Rxf7 Rb6 27.Nxb4 Be8 28.Rg7 Nf6 29.Nbxa6 Rh7
30.Nc7 Bf7 31.N7xe6+ Ke7 32.Rxh7 Nxh7 33.Nd4 Ng5 { ...1/2-1/2, Tiviakov Sergei
2628 - Van Der Wiel John T H 2506 , Leeuwarden 2002 Ch Netherlands } ) (
14.Rdg1 Rg8 15.Bf2 hxg5 16.Nxe5 Nxe5 17.Be3 Bc6 18.Rf1 Qa5 19.Bh5 b5 20.Qf2 b4
21.Bb6 { 1-0, Mickiewicz Piotr 2280 - Tomczak Rafal 2313 , Lubniewice 2002 Ch
Poland (1/2 final) } ) ( 14.Qe3 Nxf3 15.Qxf3 hxg5 16.Bg3 Qc7 17.Qf2 Ne5 18.Kb1
b5 19.Rdf1 Qa7 20.Qe1 { 1/2-1/2, Varavin Viktor 2465 - Banas Jan 2375 , Sala
1993 It (open) } ) ( 14.Nxe5 dxe5 15.Kb1 Bxg5 16.Bxg5 hxg5 17.Qd6 Rc8 18.Na4
Qc7 19.Nb6 Qxd6 20.Rxd6 Rc7 21.Rhd1 Bc8 22.h3 Ke7 23.R6d2 Nd4 24.Bd3 Bd7 25.c3
Nb5 26.a4 Nd6 27.Be2 Rc6 28.Nc4 Nxc4 29.Rxd7+ Kf6 30.Rf1+ Kg6 31.Rdxf7 Nd2+
32.Kc2 Nxf1 33.Rxf1 Rd8 { ...0-1, Van Beek Alexander 2294 - Van Doeland Julius
H 2290 , Haarlem 1997 It (open) } ) ( 14.Kb1 hxg5 15.Bg3 b5 16.Rdf1 b4 17.Nd1
a5 18.Ne3 Qc7 19.Bxe5 Nxe5 20.Nxe5 dxe5 21.Ng4 { 1/2-1/2, Moldovan Daniel 2449
- Nevednichy Vladislav 2537 , Calimanesti 1999 Memorial C.Radulescu } ) (
14.Bg3 hxg5 15.Rdf1 b5 16.Kb1 Rb8 17.Nd1 a5 18.Ne3 Qb6 19.Nxe5 Nxe5 20.Bxe5
dxe5 21.Ng4 Qd4 22.Qxa5 Qxe4 23.Bf3 Qd4 24.Rd1 Qc5 25.Rd3 f5 26.Rc3 Qd4 27.Rd1
fxg4 28.Rxd4 exd4 29.Qa7 O-O 30.Qxd7 dxc3 31.Qxe7 gxf3 32.Qxg5+ Kf7 33.gxf3
cxb2 { ...1/2-1/2, Erdelyi Zombor 2265 - Krivoshey Sergei 2503 , Szombathely
2003 It (open) } ) 14...hxg5 15.Bg3 b5 { +1.93 CAP } ( 15...f6 16.Nxe5 Nxe5
17.h3 Rc8 18.Bf2 b5 19.a3 Bc6 { +0.78 CAP } ) 16.Qe3 { N } ( 16.Nxe5 Nxe5
17.Qd4 Qc7 18.a3 Rc8 19.Qf2 Qc5 20.Rd4 f6 21.Rfd1 a5 22.R1d2 b4 23.Nb1 Nc6
24.Bxd6 Qa7 25.Bxe7 Nxd4 26.Qxf6 Nxe2+ 27.Rxe2 Qg1+ 28.Kd2 Qxb1 29.Qxh8+ Kxe7
30.Qg7+ Kd6 31.Qd4+ Ke7 32.Qg7+ Kd6 33.Qd4+ Kc7 34.Re1 Qa2 35.axb4 axb4 {
...0-1, Campos Eugenio 2245 - Gabriel Christian 2475 , Halle 1995 Ch World
(juniors) (under 20) } ) ( 16.a3 Rb8 17.Kb1 Rb7 18.Nxe5 Nxe5 19.Nd5 exd5
20.Bxe5 dxe5 21.Qxd5 Qb6 22.Qxf7+ Kd8 23.Qg7 Rh6 24.Rf7 Re6 25.Bg4 b4 26.Bxe6
Qxe6 27.axb4 Rxb4 28.Rf3 Kc7 29.Qf7 Qxf7 30.Rxf7 Kd8 31.Rg7 Rd4 32.Rxd4 exd4
33.Rg6 Bb5 34.e5 Ke8 35.e6 Kf8 { ...0-1, Wegener Dirk 2312 - Wirius Stefan
2285 , Austria 1999 Staatsliga B Mitte 1998/99 } ) 16...f6 17.Nd5 Nf7 { ? } (
17...exd5 { ! } 18.exd5 Nb4 19.Nxe5 fxe5 { } ) 18.Nxe7 Qxe7 19.h4 gxh4 20.Bxh4
e5 21.g3 Rh6 22.Kb1 Be6 23.Nh2 Qc7 { ?! } ( 23...Qd7 { !? } 24.Rf2 Nd4 25.Bd3
b4 { } ) 24.c3 { ?! } ( 24.Ng4 { !? } 24...Nd4 25.c3 Qa5 26.a3 { } ) 24...b4 {
?! } ( 24...Qd7 { !? } 25.a3 Rc8 26.Rxf6 Rxf6 { } ) 25.Ng4 bxc3 26.Qxc3 Bxg4
27.Bxg4 Qb7 { ?! } ( 27...Rb8 { !? } 28.Rd2 Rg6 29.Bf5 Rh6 { } ) 28.Be6 Ne7
29.Qc2 Ng5 30.Bxg5 fxg5 31.Rxd6 { } {#r} 1-0

[Event "Ch Russia"]
[Site "masterchessopen.com Krasnoyarsk (Russia)"]
[Round "3"]
[White "Yandarbiev Ruslan (RUS)"]
[Black "Lugovoi Aleksei (RUS)"]
[Result "1-0"]
[WhiteElo "2404"]
[BlackElo "2550"]

{ Lugovoi Aleksei (RUS) +0 =2 -0 } 1.e4 c5 2.Nf3 d6 3.d4 cxd4 4.Nxd4 Nf6 5.Nc3
Nc6 6.Bg5 e6 7.Qd2 a6 8.O-O-O Bd7 9.f3 Be7 10.h4 { ?/= } 10...h5 ( 10...Rc8
11.g4 b5 12.Nxc6 Bxc6 13.Bd3 O-O 14.Ne2 Bb7 15.Ng3 Nd7 16.Bxe7 Qxe7 17.f4 Nc5
18.g5 Na4 19.Rhe1 Qc7 20.Kb1 Rfd8 21.h5 Qb6 22.c3 Qc5 23.Bc2 Nb6 24.Qd4 Kf8
25.Bb3 a5 26.a3 Qxd4 27.Rxd4 e5 28.fxe5 dxe5 29.Rxd8+ Rxd8 30.Rf1 { ...0-1,
Arizmendi Martinez Julen L 2520 - Alekseev Evgeny 2614 , Istanbul 2003 Ch
Europe } ) ( 10...b5 11.Kb1 Ne5 12.Bd3 O-O 13.g4 Rb8 14.Be3 Qc7 15.h5 Rfc8
16.g5 Ne8 17.Rdg1 b4 18.Nce2 Nxd3 19.Qxd3 g6 20.hxg6 hxg6 21.Nf4 Bf8 22.Qd2
Bg7 23.Rh4 Qc4 24.Rgh1 Rc5 25.Rh7 Kf8 26.Nb3 Rcb5 27.Nd4 Ra5 28.Nb3 Rab5
29.Nd4 Ra5 30.Nb3 { ...1/2-1/2, Rodriguez Amador 2545 - Short Nigel D 2660 ,
Lucerne 1997 Ch World (team) } ) ( 10...Nxd4 11.Qxd4 Qc7 12.g4 Rc8 13.Be3 O-O
14.h5 Ne8 15.g5 f5 16.exf5 Rxf5 17.Bd3 Rxg5 18.h6 g6 19.Bxg5 Bxg5+ 20.Kb1 Bf6
21.Qg1 { 1/2-1/2, Sax Gyula 2550 - Kozul Zdenko 2580 , Pula 1995 Cup Croatia }
) ( 10...Qc7 11.h5 h6 12.Be3 b5 13.Bd3 Nxd4 14.Bxd4 b4 15.Ne2 a5 16.Kb1 e5
17.Bf2 O-O 18.Be3 Rfd8 19.g4 Nh7 20.Rhg1 Ng5 21.Rdf1 Qc6 22.f4 Nxe4 23.Bxe4
Qxe4 24.g5 hxg5 25.fxg5 a4 26.g6 f6 27.Ng3 Qc4 28.b3 axb3 { 1/2-1/2, Shovunov
Baatr 2330 - Sherbakov Ruslan 2580 , Elista 1997 Ch Russia (olympic system) }
) 11.Kb1 Rc8 12.Nxc6 Bxc6 { -0.09 CAP } ( 12...Rxc6 13.Bd3 Qa5 14.f4 Ng8 15.f5
Bf6 16.Bxf6 Nxf6 17.Qg5 Qe5 18.Ne2 O-O 19.g4 Nxe4 20.Bxe4 Qxe4 21.Nc3 Rxc3
22.bxc3 Qa4 23.Qc1 Bc6 24.Rhe1 Qc4 25.gxh5 exf5 26.Rg1 Be4 27.Rxd6 Qxc3 28.Qb2
Qxb2+ 29.Kxb2 Kh7 30.h6 g6 31.h5 Rg8 32.hxg6+ { ...0-1, Shirov Alexei 2685 -
Kozul Zdenko 2605 , Budapest 1996 Cup European Club (final) } ) 13.Bd3 b5
14.Rhe1 { N } ( 14.Ne2 Qb6 15.Ng3 a5 16.f4 Rd8 17.Qe2 g6 18.f5 Ng4 19.fxg6
fxg6 20.e5 Nxe5 21.Bxg6+ Nxg6 22.Qxe6 Qf2 23.Nf5 Qxf5 24.Qxf5 Rg8 25.Rhe1 Rd7
26.Bxe7 Nxe7 27.Rxe7+ Rxe7 28.Qc8+ { 1-0, Werle Jan 2459 - Krivoshey Sergei
2461 , Dieren 2001 Ch Netherlands (open) } ) 14...Qc7 15.Ne2 e5 16.Ng3 g6
17.f4 Ng4 18.f5 Qa7 19.fxg6 fxg6 20.Be2 Rd8 { ? } ( { ? } 20...Nf6 21.Rf1 O-O
22.Qd3 Kh7 { } ) 21.Bxg4 hxg4 22.h5 Rg8 23.Bxe7 Qxe7 24.hxg6 Rxg6 25.Rh1 Qf8
26.Rdf1 Qg8 27.Qf2 d5 { ?! } ( 27...Rd7 { !? } 28.Rh5 Kd8 29.Qb6+ Rc7 { } )
28.Rh8 { } {#r} 1-0

[Event "Ch India"]
[Site "masterchessopen.com Mumbai (India)"]
[Round "15"]
[White "Prathamesh Sunil Mokal (IND)"]
[Black "Sasikiran Krishnan (IND)"]
[Result "0-1"]
[WhiteElo "2390"]
[BlackElo "2668"]

1.e4 c5 2.Nf3 d6 3.d4 cxd4 4.Nxd4 Nf6 5.Nc3 Nc6 6.Bg5 e6 7.Qd2 a6 8.O-O-O Bd7
9.f4 h6 10.Bh4 g5 11.fxg5 Ng4 12.Be2 Nge5 13.Nf3 Be7 14.Rhg1 b5 15.Kb1 Ng6
16.Bg3 hxg5 17.Bxd6 g4 18.Ne1 Nce5 19.Bxe5 Nxe5 20.Qf4 Ng6 21.Qxg4 b4 22.Na4
Qc7 23.b3 Bxa4 24.bxa4 Bf6 25.Qg3 Nf4 26.Nd3 Rc8 {#R} 0-1

[Event "It (open)"]
[Site "masterchessopen.com Olomouc (Czech Republic)"]
[Round "2"]
[White "Bures Vladimir (CZE)"]
[Black "Kurenkov Nikolai (RUS)"]
[Result "1-0"]
[WhiteElo "2131"]
[BlackElo "2415"]

1.e4 c5 2.Nf3 d6 3.d4 cxd4 4.Nxd4 Nf6 5.Nc3 a6 6.Bg5 Nc6 7.Qd2 Bd7 8.O-O-O e6
9.f3 b5 10.Kb1 Be7 11.h4 Rc8 12.Nxc6 Bxc6 13.Ne2 Bb7 14.Nd4 h6 15.Be3 Nd7
16.g4 Ne5 17.Qg2 Nc4 18.Bxc4 bxc4 19.e5 Bd5 20.exd6 Bxd6 21.c3 Rb8 22.Bc1 Qa5
23.Ka1 Kd7 24.Qd2 Rb6 25.Nf5 Ba3 26.Ne3 Kc6 27.Nxc4 Bxb2+ 28.Bxb2 Bxc4 29.Qd7+
Kc5 30.Ba3+ {#r} 1-0

[Event "It (open)"]
[Site "masterchessopen.com Sevilla (Spain)"]
[Round "6"]
[White "Sanchez Quiroga Miguel Angel (ESP)"]
[Black "Estremera Panos Sergio (ESP)"]
[Result "0-1"]
[WhiteElo "2227"]
[BlackElo "2377"]

1.e4 c5 2.Nf3 Nc6 3.d4 cxd4 4.Nxd4 Nf6 5.Nc3 d6 6.Bg5 e6 7.Qd2 a6 8.O-O-O Bd7
9.f3 Rc8 10.g4 h6 11.Be3 Ne5 12.Kb1 b5 13.Bd3 b4 14.Nce2 d5 15.g5 hxg5 16.Bxg5
dxe4 17.Bxa6 Rb8 18.Qf4 Qa5 19.Nb3 Qxa6 20.Qxe5 Rb5 21.Qg3 Rxg5 22.Qxg5 Qxe2
23.fxe4 Rxh2 24.Rxh2 Qxd1+ 25.Nc1 Nxe4 26.Qe3 f5 {#R} 0-1